| 000 | 00640nam a22002177a 4500 | ||
|---|---|---|---|
| 003 | UA-OsUOA | ||
| 001 | 34462 | ||
| 007 | ta | ||
| 008 | 20051007b un ||||| |||| 00| 0 ukr d | ||
| 090 |
_a94(5-191.2) _bО-95 |
||
| 942 | _cBK | ||
| 040 |
_aUA-OsUOA _brus _cUA-OsUOA _dUA-OsUOA |
||
| 245 |
_aОчерки по новой истории стран Среднего Востока _bИндия, Афганистан, Иран |
||
| 300 | _a300 с. | ||
| 955 | _a2 | ||
| 041 | _arus | ||
| 080 | _a94(5-191.2) | ||
| 260 |
_aМ. _bКНУ _c1951 |
||
| 650 | 7 |
_a9 Географія. Біографії. Історія _2UDC |
|
| 999 |
_c320891 _d320891 |
||